Un scandale au couvent / (Record no. 172493)

MARC details
000 -LEADER
campo de control de longitud fija 00942nam a2200265 i 4500
001 - NÚMERO DE CONTROL
campo de control 172493
003 - IDENTIFICADOR DE NÚMERO DE CONTROL
campo de control ES-MaACL
005 - FECHA Y HORA DE LA ÚLTIMA TRANSACCIÓN
campo de control 20230906214932.0
008 - DATOS DE LONGITUD FIJA--INFORMACIÓN GENERAL
campo de control de longitud fija 090710s1979 fr |||| | fre d
020 ## - NÚMERO INTERNACIONAL ESTÁNDAR DEL LIBRO
Número Internacional Estándar del Libro 2-7291-0067-9
080 ## - NÚMERO DE LA CLASIFICACIÓN DECIMAL UNIVERSAL
Número de la Clasificación Decimal Universal 821.112.2-32"18"
100 0# - ENTRADA PRINCIPAL--NOMBRE DE PERSONA
Nombre de persona Panizza, Oskar.
9 (RLIN) 88797
245 13 - MENCIÓN DEL TÍTULO
Título Un scandale au couvent /
Mención de responsabilidad, etc. Oscar Panizza ; préface de Hannes Ruch ; avant-propos et traduction de Jean Bréjoux ; dessins de Carlo Berté ; postface de Hans Hein Ewers.
260 ## - PUBLICACIÓN, DISTRIBUCIÓN, ETC.
Lugar de publicación, distribución, etc. Paris :
Nombre del editor, distribuidor, etc. Éditions de la Différence,
Fecha de publicación, distribución, etc. [1979]
300 ## - DESCRIPCIÓN FÍSICA
Extensión 192 p. :
Otras características físicas il. ;
Dimensiones 21 cm.
490 1# - MENCIÓN DE SERIE
Mención de serie Chair pensée
700 1# - ENTRADA AGREGADA--NOMBRE PERSONAL
Nombre de persona Ruch, Hannes.
9 (RLIN) 141032
700 0# - ENTRADA AGREGADA--NOMBRE PERSONAL
Nombre de persona Bréjoux, Jean.
9 (RLIN) 31564
700 1# - ENTRADA AGREGADA--NOMBRE PERSONAL
Nombre de persona Berté, Carlo.
9 (RLIN) 141033
700 0# - ENTRADA AGREGADA--NOMBRE PERSONAL
Nombre de persona Ewers, Hanns Heinz.
9 (RLIN) 48416
830 0# - PUNTO DE ACCESO ADICIONAL DE SERIE-TÍTULO UNIFORME
Título uniforme Chair pensée
9 (RLIN) 223340
852 ## - LOCALIZACIÓN
Ubicación ES-MaACL
Número de control de estantería E-12809
itemnumber R.139282
Nota libre .- Biblioteca Jacinto Martínez Lacalle
Holdings
Estatus retirado Estado de pérdida Estado de daño No para préstamo Biblioteca de origen Biblioteca actual Ubicación en estantería Fecha de adquisición Fuente de adquisición Total de préstamos Signatura topográfica completa Código de barras Visto por última vez Precio de reemplazo Tipo de ítem Koha
        Biblioteca del Ateneo de Madrid Biblioteca del Ateneo de Madrid Depósito 2 10/07/2009     E-12809 1181019 23/02/2023 23/02/2023 Libro impreso